01379nam a2200349Ia 4500001001200000003000800012006001900020007001500039008004100054010001700095020001500112020001500127020002200142040002100164035002100185050002300206082002500229100002100254245011000275260004300385300001500428504005100443533015200494610003500646650002900681651006400710651006400774655002900838710001700867856012600884999001901010ebr10118451CaPaEBRm u cr cn|||||||||040227s2004 nyu sb 001 0 eng d z 2004041596 z1403973326 z1403966508 z1403966532 (pbk.) aCaPaEBRcCaPaEBR a(OCoLC)56003105914aD2009b.M68 2004eb04a327.7304/09/05112221 aMowle, Thomas S.10aAllies at odds?h[electronic resource] :bthe United States and the European Union /cby Thomas S. Mowle. aNew York :bPalgrave Macmillan,c2004. axi, 228 p. aIncludes bibliographical references and index. aElectronic reproduction.bPalo Alto, Calif. :cebrary,d2009.nAvailable via World Wide Web.nAccess may be limited to ebrary affiliated libraries.20aEuropean UnionzUnited States. 0aInternational relations. 0aEuropean Union countriesxForeign relationszUnited States. 0aUnited StatesxForeign relationszEuropean Union countries. 7aElectronic books.2local2 aebrary, Inc.40uhttp://site.ebrary.com/lib/rucke/Doc?id=10118451zAn electronic book accessible through the World Wide Web; click to view c217781d217781